| 000 | 00634nam a2200217 a 4500 | ||
|---|---|---|---|
| 005 | 20240924070820.0 | ||
| 008 | 031110s2002 mx r 000 0 spa d | ||
| 020 | _a9684972059 | ||
| 035 | _aUPN01000130862 | ||
| 049 | _aCG | ||
| 050 | 4 |
_aBF431 _bG6.4 2002 |
|
| 100 | 1 |
_aGoleman, Daniel, _d1947- _935122 |
|
| 245 | 1 | 3 |
_aLa inteligencia emocional / _cDaniel Goleman ; trad. Elsa Mateo. |
| 250 | _a33a ed. | ||
| 260 |
_aMéxico : _bJavier Vergara, _c2002. |
||
| 300 | _a397 p. | ||
| 534 |
_ptraducción de: _tEmotional intelligence |
||
| 650 | 4 |
_aInteligencia _9939 |
|
| 650 | 4 |
_aRAZONAMIENTO (PSICOLOGIA) _918769 |
|
| 905 | _aLibro | ||
| 999 |
_c103019 _d103019 |
||